000 00405nam a22001217a 4500
082 _a363.9095493
_bPOP
_cD
100 _aUnited Nations
_920028
245 _aPopulation Growth and Policies in Mega-Cities BANGKOK
260 _aUnited Nations, New York
_bDepartment of International Economic and Social Affairs
_c1987
300 _avii, 47p.:
526 _a0
_b0
_c0
_d363_909549300000000_POP
942 _2ddc
_cBK
999 _c542878
_d542878